• 首页
  • 本馆介绍
  • 公告通知
  • 最新文献
  • 馆藏检索
  • 电子资源
  • 读者导购
  • 参考咨询
  • 我的图书馆
  • 登录
  • 详细信息显示
  • 放入我的书架
  • 预约/预借图书
  • 作者相关作品
  • 分类相关作品
  • 丛书相关作品
  • 出版社相关作品

书目信息

  • 表格格式
  • 工作单格式
  • 卡片格式
题名:
日语专业四级考试详解
    
 
作者: 许慈惠 编著
分册:  
出版信息: 上海   上海外语教育出版社  2007
页数: 323页
开本: 26cm
丛书名: 全国高等学校外语专业四级考试指南丛书
单 册:
中图分类: H360.42
科图分类:
主题词: 日语--水平考试--高等学校--教学参考资料 , 日语
电子资源:
ISBN: 978-7-5446-0422-2
000 01145oam2 2200289 45
001 1132113359
005 20110315110827.23
010    @a978-7-5446-0422-2@dCNY38.00
100    @a20110122e20092007em y0chiy0121 ea
101 0  @achi@ajpn
102    @aCN@b310000
105    @ay z 000yy
106    @ar
200 1  @a日语专业四级考试详解@ARi Yu Zhuan Ye Si Ji Kao Shi Xiang Jie@f许慈惠[等]编著@FXu Ci Hui [ Deng ] Bian Zhu
210    @a上海@c上海外语教育出版社@d2007@h2009
215    @a323页@d26cm@e附光盘1片
225 2  @a全国高等学校外语专业四级考试指南丛书
304    @a编著者还有:关薇、焦毓芳、林彬、陆洁
307    @a附光盘:ISBN 978-7-900681-50-8
330    @a本书分为上、下两篇,上篇包括新考纲的总体构成与分析、考试内容的分析与学习要点的提示、考纲样题与答案分析、2005年大学日语专业四级考试试题与答案分析;下篇由十套模拟试题组成,其中三套模拟试题附有答案分析。
461  0 @12001 @a全国高等学校外语专业四级考试指南丛书
606 0  @a日语@x水平考试@x高等学校@j教学参考资料
606 0  @a日语
690    @aH360.42@v4
701  0 @a许慈惠@AXu Ci Hui@4编著
801  0 @aCN@bTANGWEI@c20110315
905    @b0532750-54@dH360.42@e474@f5
    
    日语专业四级考试详解/许慈惠[等]编著.-上海:上海外语教育出版社,2007(2009)
    323页;26cm+附光盘1片.-(全国高等学校外语专业四级考试指南丛书)
    
    
    ISBN 978-7-5446-0422-2:CNY38.00
    本书分为上、下两篇,上篇包括新考纲的总体构成与分析、考试内容的分析与学习要点的提示、考纲样题与答案分析、2005年大学日语专业四级考试试题与答案分析;下篇由十套模拟试题组成,其中三套模拟试题附有答案分析。
●
相关链接 在E读中查询图书 在五车中查询图书 在当当中查询图书 在豆瓣中查询图书


正题名:日语专业四级考试详解     索取号:H360.42/474         预约/预借

序号 登录号 条形码 馆藏地/架位号 状态 备注
1 0532750   205327500   第二样本阅览室/ [索取号:H360.42/474] 在馆    
2 0532751   205327519   第四借阅区/ [索取号:H360.42/474] 在馆    
3 0532752   205327528   第四借阅区/ [索取号:H360.42/474] 在馆    
4 0532753   205327537   第四借阅区/ [索取号:H360.42/474] 在馆    
5 0532754   205327546   密集书库—外国语学院/ [索取号:H360.42/474] 在馆    
唐山师范学院图书馆 欢迎您!
大连网信软件有限公司© 版权所有